000 00990nam a22003137a 4500
003 CHAP
005 20220817042924.0
008 971013s1993 r 00010 d
010 _a59931
011 _a60903
035 _a65066
040 _cCHAP
090 _aFolleto 14644
110 _aCentro Internacional de Investigaciones para el Desarrollo
245 _aMeeting the global challenge
_b: themes and programs of the ...
260 _aOntario :
_bThe Centre,
_c1993
300 _a31 p.
590 _aBATCH-UPD
_b10
_c20130110
_lUCH01
_h1933
590 _aBATCH-UPD
_b10
_c20130410
_lUCH01
_h1258
590 _aBATCH-UPD
_b10
_c20130914
_lUCH01
_h0628
590 _aCONVERSION
_b10
_c20130109
_lUCH01
_h1332
650 1 4 _aBiodiversidad.
_912724
650 1 4 _aDesarrollo sustentable.
650 1 4 _aMedio ambiente
_xProtección.
_974106
650 1 4 _aRecursos naturales
_xConservación.
901 _aBK
942 _cFOLL
949 _aFolleto 14644
_bBC
_cFOLL
_d-143898
_eTS1
_i65066
_si
999 _c59931
_d59931